| 000 -CABECERA |
| campo de control de longitud fija |
01367nam a22002417a 4500 |
| 003 - IDENTIFICADOR DEL NÚMERO DE CONTROL |
| campo de control |
OSt |
| 005 - FECHA Y HORA DE LA ÚLTIMA TRANSACCIÓN |
| campo de control |
20250506151644.0 |
| 008 - DATOS DE LONGITUD FIJA--INFORMACIÓN GENERAL |
| campo de control de longitud fija |
250506b ||||| |||| 00| 0 spa d |
| 020 ## - NÚMERO INTERNACIONAL ESTÁNDAR DEL LIBRO |
| Número Internacional Estándar del Libro |
9786075576053 |
| 040 ## - FUENTE DE LA CATALOGACIÓN |
| Centro/agencia transcriptor |
CO-Mq BPB |
| 041 ## - CÓDIGO DE LENGUA |
| Código de lengua del texto/banda sonora o título independiente |
spa |
| 082 ## - NÚMERO DE LA CLASIFICACIÓN DECIMAL DEWEY |
| Número de clasificación |
AN |
| Número de documento/Ítem |
ZWEn |
| 100 ## - ENTRADA PRINCIPAL--NOMBRE DE PERSONA |
| Nombre de persona |
Zweig, Stefan |
| Término indicativo de función/relación |
autor |
| 245 ## - MENCIÓN DE TÍTULO |
| Título |
Novela de ajedrez |
| 264 ## - PRODUCCIÓN, PUBLICACIÓN, DISTRIBUCIÓN, FABRICACIÓN Y COPYRIGHT |
| Producción, publicación, distribución, fabricación y copyright |
México; |
| Nombre del de productor, editor, distribuidor, fabricante |
Gran Travesía; |
| Fecha de producción, publicación, distribución, fabricación o copyright |
2022 |
| 300 ## - DESCRIPCIÓN FÍSICA |
| Extensión |
94 páginas; |
| Otras características físicas |
Tapa dura |
| Dimensiones |
22 cm |
| 521 ## - NOTA DE PÚBLICO DESTINATARIO |
| Nota de público destinatario |
querer jugar contra uno mismo constituye en ajedrez una paradoja similar a querer saltar sobre la propia sombra . Cuando unos pasajeros descubren que el actual campeón mundial de ajedrez, Mirko Czentovic, está a bordo de un crucero que se dirige de Nueva York a Buenos Aires, un compañero de viaje lo reta a una partida. Czentovic, hombre arrogante y antipático para todos, lo derrota fácilmente, pero durante la revancha, un misterioso pasajero de origen austriaco, el Dr. B., interviene y, para sorpresa de todos, ayuda a que la partida llegue a tablas. Cuando, al día siguiente, el Dr. B. confía el secreto acerca de cómo llegó a poseer su extraordinaria comprensión del ajedrez, el relato se desarrolla en una sorprendente historia de encierro y obsesión psicológica. |
| 650 ## - PUNTO DE ACCESO ADICIONAL DE MATERIA--TÉRMINO DE MATERIA |
| Término de materia o nombre geográfico como elemento de entrada |
Antologías |
| 650 ## - PUNTO DE ACCESO ADICIONAL DE MATERIA--TÉRMINO DE MATERIA |
| Término de materia o nombre geográfico como elemento de entrada |
Narrativa |
| 650 ## - PUNTO DE ACCESO ADICIONAL DE MATERIA--TÉRMINO DE MATERIA |
| Término de materia o nombre geográfico como elemento de entrada |
Relato |
| 700 ## - PUNTO DE ACCESO ADICIONAL--NOMBRE DE PERSONA |
| Nombre de persona |
Magnus, Ariel |
| Término indicativo de función/relación |
traductor |
| 942 ## - ELEMENTOS DE PUNTO DE ACCESO ADICIONAL (KOHA) |
| Fuente del sistema de clasificación o colocación |
|
| Tipo de ítem Koha |
Libro Literatura |